Guees the flags(easy edition) - Statistics

General Stats
  • This quiz has been taken 315 times
  • The average score is 12 of 15
Answer Stats
Picture Answer % Correct
brazil
95%
usa
95%
japan
93%
germany
88%
india
88%
turkey
85%
south korea
83%
greece
81%
switzerland
81%
denmark
80%
israel
78%
russia
73%
egypt
71%
north korea
71%
slovakia
60%
No matching quizzes found
Score Distribution
Percent of People with Each Score
Percentile by Number Answered
Your Score History
You have not taken this quiz